000 00280nam a2200121Ia 4500
008 190216s9999||||xx |||||||||||||| ||und||
100 _aPandy. B.M
245 0 _aContemporary India- T.B. X
260 _bNcrt - Newdelhi
_c2003
300 _a172
650 _aHistory
942 _cREF
999 _c36681
_d36681